Overwatch april fools ult lines - Statistics

General Stats
  • This quiz has been taken 62 times
    19 since last reset
  • The average score is 25 of 42
Answer Stats
Hint Answer % Correct
(Sword noises) Genji
93%
Wallhacks initialized Widowmaker
93%
Winston! Winston
93%
Fred... I mean Bob, do something! Ashe
87%
Pressing Q! D.va
87%
Put on your sunscreen! Illari
87%
Ahem... La-va! Torbjörn
87%
Mace to the mace to the mace to the face Brigitte
80%
War is a game and I'm using cheats Soldier 76
80%
Propaganda is useless Sombra
80%
Collect the little balls to win a prize Wrecking ball
80%
Shoot through the big glowy thing Baptiste
73%
"foghorn beeps" Bastion
73%
I'm better than you at... Echo
73%
Agony is grape flavoured! Ramattra
73%
This wall is incredibly lit Symmetra
73%
Kamehamehaa! Moira
67%
Tag, you're it Tracer
67%
This is not a drill! Venture
67%
You can't get me Doomfist
60%
Martian? Always have been! Juno
60%
Who wants a billion hit points! Lucio
60%
Turning on the AC Mei
60%
Happy, happy birthday Reaper
60%
Have a seat! Reinhardt
60%
What are those! Sigma
60%
Group hug Zarya
60%
Hope this helps Ana
47%
Sick 'em boys Hanzo
47%
Cut cut cut cut... Junker queen
47%
Do I have to? Mercy
47%
It's past your bedtime Cassidy
40%
Everyone stand very still! Junkrat
40%
If I see even one axe, so help me... Lifeweaver
40%
You get scarp Roadhog
40%
Yee...haw rodeo Orisa
33%
Bye bye bad guys Sojourn
27%
You're invincible... Now shoot them Zenyatta
27%
Good fences makes good neighbors! Mauga
20%
Try and shoot me! you won't! Pharah
20%
Who wants a stick and poke? Hazard
13%
Believe it! Kiriko
13%
No matching quizzes found
Score Distribution
Percent of People with Each Score
Percentile by Number Answered
Your Score History
You have not taken this quiz since the last reset